Animales chilenos
Enregistré dans:
| Auteurs principaux: | , |
|---|---|
| Format: | Livre |
| Langue: | espagnol |
| Publié: |
Santiago
Pehuén
2014
|
| Édition: | 1a. ed |
| Collection: | Infantil
|
| Sujets: | |
| Tags: |
Ajouter un tag
Pas de tags, Soyez le premier à ajouter un tag!
|
MARC
| LEADER | 00000cam a2200000 a 4500 | ||
|---|---|---|---|
| 001 | UCC1611 | ||
| 003 | CL-VaPUC | ||
| 008 | 171117e20140000cl |||||||||||||||||spa|d | ||
| 020 | |a 9789561606098 | ||
| 082 | 0 | 4 | |a 599.09 |b LOP |2 21 |
| 100 | |a López, Marcela |e autora |9 595644 | ||
| 700 | 0 | |a Salinas, Loreto |e author |9 595645 | |
| 245 | 1 | 0 | |a Animales chilenos |
| 250 | |a 1a. ed | ||
| 300 | |a 79 p | ||
| 942 | |c BK | ||
| 945 | |d 20171117 16:06:00 |a dcastane | ||
| 260 | |a Santiago |b Pehuén |c 2014 | ||
| 650 | 0 | |a Animales salvajes |9 370432 | |
| 650 | 0 | |a Animales vertebrados |9 436696 | |
| 650 | 0 | |a Fauna chilena |9 505069 | |
| 583 | |a last modification |c 20171117 16:06:00 |k Rodrigo Vera | ||
| 490 | 0 | |a Infantil | |
| 999 | |c 370022 |d 370020 | ||
| 952 | |0 0 |1 0 |3 erb |4 0 |6 599_090000000000000_LOP_2014 |7 0 |8 C |9 486287 |a BIBCUR |b BIBCUR |i 5435684 |l 13 |o 599.09 LOP 2014 |p 5435684 |r 2025-05-08 |s 2025-05-08 |w 2019-11-24 |y BK |z Catalogado en:20171117 |k INF | ||